书目信息 |
| 题名: |
胶黏剂职业危害分析与控制技术
|
|
| 作者: | 李涛 , 王忠旭 , 张敏 主编 | |
| 分册: | ||
| 出版信息: | 北京 化学工业出版社 2009 |
|
| 页数: | 171页 | |
| 开本: | 24cm | |
| 丛书名: | ||
| 单 册: | ||
| 中图分类: | X783 | |
| 科图分类: | ||
| 主题词: | 胶黏剂--有害物质--控制 | |
| 电子资源: | ||
| ISBN: | 978-7-122-04479-2 | |
| 000 | 00976nam0 2200265 45 | |
| 001 | 1033005625 | |
| 005 | 20100407095301.07 | |
| 010 | @a978-7-122-04479-2@dCNY45.00 | |
| 100 | @a20100331d2009 em y0chiy0110 ea | |
| 101 | 0 | @achi |
| 102 | @aCN@b110000 | |
| 105 | @aak z 000yy | |
| 106 | @ar | |
| 200 | 1 | @a胶黏剂职业危害分析与控制技术@AJiao Nian Ji Zhi Ye Wei Hai Fen Xi Yu Kong Zhi Ji Shu@f李涛,王忠旭,张敏主编@FLi Tao, Wang Zhong Xu, Zhang Min Zhu Bian |
| 210 | @a北京@c化学工业出版社@d2009 | |
| 215 | @a171页@c图表@d24cm | |
| 320 | @a有书目(第171页) | |
| 330 | @a本书共六部分,主要包括HACCP原理与方法学,胶黏剂生产和使用工艺及职业危害因素分析,胶黏剂使用行业的职业危害识别与分析,胶黏剂各种组分的职业危害及特征等。 | |
| 606 | 0 | @a胶黏剂@x有害物质@x控制 |
| 690 | @aX783@v4 | |
| 701 | 0 | @a李涛@ALi Tao@4主编 |
| 701 | 0 | @a王忠旭@AWang Zhong Xu@4主编 |
| 701 | 0 | @a张敏@AZhang Min@4主编 |
| 801 | 0 | @aCN@bTANGWEI@c20100407 |
| 905 | @b0587405-09@dX783@e147@f5 | |
| 胶黏剂职业危害分析与控制技术/李涛,王忠旭,张敏主编.-北京:化学工业出版社,2009 |
| 171页:图表;24cm |
| ISBN 978-7-122-04479-2:CNY45.00 |
| 本书共六部分,主要包括HACCP原理与方法学,胶黏剂生产和使用工艺及职业危害因素分析,胶黏剂使用行业的职业危害识别与分析,胶黏剂各种组分的职业危害及特征等。 |
| ● |
| 相关链接 |
|
|
|
|
正题名:胶黏剂职业危害分析与控制技术
索取号:X783/147
 
预约/预借
| 序号 | 登录号 | 条形码 | 馆藏地/架位号 | 状态 | 备注 |
| 1 | 0587405 | 205874053 | 第二样本阅览室/ [索取号:X783/147] | 在馆 | |
| 2 | 0587406 | 205874062 | 第三借阅区/ [索取号:X783/147] | 在馆 | |
| 3 | 0587407 | 205874071 | 第三借阅区/ [索取号:X783/147] | 在馆 | |
| 4 | 0587408 | 205874080 | 第三借阅区/ [索取号:X783/147] | 在馆 | |
| 5 | 0587409 | 205874099 | 第三借阅区/ [索取号:X783/147] | 在馆 |